000 01192nam a22002897a 4500
003 URS
005 20240416181523.0
008 240203b |||||||| |||| 00| 0 eng d
100 _aPicadizo, Karla Mae B.
_eauthor
245 _aTransaction Processing System for Multi-Purpose Cooperative of Pag-asa
_cKarla Mae B. Picadizo, Raymond Cornelius C. Aragoza, Glory May B. Lastiere, Josh Russelle A. Villaflores, Judylyn P. Marcos
260 _c2023
300 _axiv, 129 leaves
_c28 cm.
336 _2rdacontent
_atext
337 _2rdamedia
_aunmediated
338 _2rdacarrier
_avolume
500 _aUndergraduate Thesis
502 _bBachelor of Science in Information Technology
_cUniversity of Rizal System, Binangonan
_d2023
504 _aIncludes bibliographical references.
700 _aPicadizo, Karla Mae B.
_eauthor
700 _aAragoza, Raymond Cornelius C.
_eauthor
700 _aLastiere, Glory May B.
_eauthor
700 _aVillaflores, Josh Russelle A.
_eauthor
700 _aMarcos, Judylyn P.
_eauthor
700 _aAngeluzet T. Reyes, MSIT
_eadviser
856 _3Online Request for Student Unpublished Works
_uhttps://forms.gle/7LqvGGkaDrUQqz429
942 _2lcc
_cT
999 _c74031
_d74030